| 000 | 00681nam a2200205 i 4500 | ||
|---|---|---|---|
| 001 | 185007 | ||
| 003 | ES-MaACL | ||
| 005 | 20250903084341.0 | ||
| 008 | 160304s1913 gw |||| | ger d | ||
| 110 | 2 |
_aKarl W. Hiersemann (Firma) _9159387 |
|
| 245 | 1 | 0 | _aAlte architekturwerke des 15. -- 18. jahrhunderts... |
| 260 |
_aLeipzig : _bKarl W. Hiersemann, _c[1913?] |
||
| 300 |
_a86 p. ; _c21 cm. |
||
| 594 | _aPrecede al tít.: Catalog 412. | ||
| 610 | 2 |
_aKarl W. Hiersemann (Firma)- _vCatálogos. _9158963 |
|
| 650 | 7 |
_aCatálogos de editores- _yS.XX _2 _9169795 |
|
| 650 | 7 |
_aCatálogos de editores- _yS.XX _2 _9169795 |
|
| 852 |
_aES-MaACL _j1511-F-11 |
||
| 999 |
_c185007 _d185007 |
||